| 000 | 00405nam a2200169Ia 4500 | ||
|---|---|---|---|
| 008 | 230516s9999 xx 000 0 und d | ||
| 041 | _aeng | ||
| 082 |
_a615.19 _bGAR |
||
| 100 | _aGARRATT D.C. | ||
| 245 | _aQUANTITATIVE ANALYSIS OF DRUG | ||
| 260 |
_bC.B.S. PUBLISHERS & DISTRUTORS _c2001 |
||
| 300 | _a925 | ||
| 365 | _h20 | ||
| 500 | _aPB | ||
| 520 | _aPA | ||
| 650 | _aPHARMACEUTICAL ANALYSIS | ||
| 999 |
_c363467 _d363467 |
||